000
00214nam a22000857a 4500
008
161205b xxu||||| |||| 00| 0 eng d
100
_9
1795
_a
CBS
245
_a
Social Science-IX-II
260
_a
New Delhi
_b
V.K. Global
_c
2016
999
_c
4504
_d
4504